Sus mejores obras : (Record no. 28466)

MARC details
000 -LEADER
campo de control de longitud fija 00711nam a22002057a 4500
001 - NÚMERO DE CONTROL
campo de control 00028440
005 - FECHA Y HORA DE LA ÚLTIMA TRANSACCIÓN
campo de control 20260304091934.0
008 - DATOS DE LONGITUD FIJA--INFORMACIÓN GENERAL
campo de control de longitud fija 260304b ag ||||| |||| 00| 0 spa d
040 ## - FUENTE DE CATALOGACIÓN
Centro catalogador/agencia de origen AR-CcCEOS
Lengua de catalogación Español; Castellano
Centro/agencia transcriptor AR-CcCEOS
041 ## - CÓDIGO DE IDIOMA
Código de lengua del texto/banda sonora o título independiente Español; Castellano
080 ## - NÚMERO DE LA CLASIFICACIÓN DECIMAL UNIVERSAL
Número de la Clasificación Decimal Universal 820-2(082)
090 ## - LOCALMENTE ASIGNADO TIPO-LC NÚMERO DE CLASIFICACIÓN (OCLC); NÚMERO DE CLASIFICACIÓN LOCAL (RLIN)
Número cutter local (OCLC) ; Número de libro/Signatura topográfica íntegra, CALL (RLIN) HEI
100 1# - ENTRADA PRINCIPAL--NOMBRE DE PERSONA
Nombre de persona Heine, Heinrich,
Fechas asociadas al nombre 1797-1856
9 (RLIN) 746
245 ## - MENCIÓN DEL TÍTULO
Título Sus mejores obras :
Resto del título Los dioses en el destierro : el rabino de bacharach : el tambor legrand - noches florentinas de la Alemania - Italia : libros de los cantares /
Mención de responsabilidad, etc. Enrique Heine
264 ## - PRODUCCIÓN, PUBLICACIÓN, DISTRIBUCIÓN, FABRICACIÓN Y COPYRIGHT
Producción, publicación, distribución, fabricación y copyright Buenos Aires :
Nombre del de productor, editor, distribuidor, fabricante El Ateneo,
Fecha de producción, publicación, distribución, fabricación o copyright c1951.
300 ## - DESCRIPCIÓN FÍSICA
Extensión 892 p. ;
Dimensiones 19x13 cm.
490 ## - MENCIÓN DE SERIE
Designación de volumen o secuencia Colección Clásicos Inolvidables
655 #0 - TERMINO DE INDIZACIÓN--GENERO/FORMA
Datos o término principal de género/forma literatura
9 (RLIN) 19
942 ## - ELEMENTOS DE ENTRADA SECUNDARIOS (KOHA)
Fuente de la clasificación o esquema de estantería Clasificación decimal universal
Tipo de ítem Koha Libros
Suprimir en OPAC No
Holdings
Estatus retirado Estado de pérdida Fuente de la clasificación o esquema de estantería Estado de daño No para préstamo Biblioteca de origen Biblioteca actual Fecha de adquisición Número de inventario Total de préstamos Signatura topográfica completa Información codificada de la localización en otra ubicación Colección Código de barras Visto por última vez Precio de reemplazo Tipo de ítem Koha
    Clasificación decimal universal     Biblioteca Julio Serebrinsky Biblioteca Julio Serebrinsky 04/03/2026 42470   820-2(082) HEI SER 42470 04/03/2026 04/03/2026 Libros